00303nam a2200145Ia 45000030006000000080041000060400015000471000011000622450019000732500010000922600020001023000006001225460012001280050017001400STCL150530s9999 xx 000 0 und d aSTCLcSTCL aTagore aCreative unity aFirst bMacmillanc1926 a0 aEnglish20220125170630.0